000 00452cam a22001217a 4500
008 180718b1982 xxu||||| |||| 00| 0 eng d
082 _aA81x54 In2/81/7/Pap 1/1982
100 _aCensus of India 1981
245 _aHimachal Pradesh: primary census abstract of scheduled castes and scheduled tribes
260 _aDelhi
_bThe Controller of Publications
_c1982
300 _a69+p.
440 _aCensus of India 1981. Series-7, Himachal Pradesh. Paper 1 of 1982
999 _c482743
_d482743